China, her life and her people / (Record no. 26168)
[ view plain ]
| 000 -LEADER | |
|---|---|
| fixed length control field | 00806cam a2200253u 4500 |
| 001 - CONTROL NUMBER | |
| control field | 26168 |
| 003 - CONTROL NUMBER IDENTIFIER | |
| rucl marc code | BD-RjUL |
| 005 - DATE AND TIME OF LATEST TRANSACTION | |
| control field | 20211209050959.0 |
| 008 - FIXED-LENGTH DATA ELEMENTS--GENERAL INFORMATION | |
| fixed length control field | 140320r19491946enkabcf 001 0 eng d |
| 035 ## - SYSTEM CONTROL NUMBER | |
| System control number | (BD-RjUL)26238 |
| 040 ## - CATALOGING SOURCE | |
| Original cataloging agency | DLC |
| Transcribing agency | CarP |
| Modifying agency | DLC |
| -- | BD-RjUL |
| Language of cataloging | eng |
| 041 ## - LANGUAGE CODE | |
| Language code of text/sound track or separate title | eng |
| 082 04 - DEWEY DECIMAL CLASSIFICATION NUMBER | |
| Classification number | 951 |
| Author mark and year | CAC 1949 |
| 100 1# - MAIN ENTRY--PERSONAL NAME | |
| Personal name | Cable, Mildred. [from old catalog] |
| 9 (RLIN) | 80417 |
| 245 00 - TITLE STATEMENT | |
| Title | China, her life and her people / |
| Statement of responsibility, etc. | Mildred Cable |
| 260 ## - PUBLICATION, DISTRIBUTION, ETC. (IMPRINT) | |
| Place of publication, distribution, etc. | London : |
| Name of publisher, distributor, etc. | University of London press ltd, |
| Date of publication, distribution, etc. | 1946 [Reprinted 1949] |
| 300 ## - PHYSICAL DESCRIPTION | |
| Pagination | 160 p. : |
| Illustrations | ill. ; |
| Size | 20 cm. |
| 651 #0 - SUBJECT ADDED ENTRY--GEOGRAPHIC NAME | |
| Geographic name | China |
| General subdivision | Civilization. |
| 9 (RLIN) | 80418 |
| Geographic name | China |
| General subdivision | Social life and customs. |
| 9 (RLIN) | 80419 |
| 700 1# - ADDED ENTRY--PERSONAL NAME | |
| Personal name | French, Francesca Law, [from old catalog] |
| Relator term | joint author. |
| 942 ## - ADDED ENTRY ELEMENTS (KOHA) | |
| Source of classification or shelving scheme | Dewey Decimal Classification |
| Koha item type | Books |
| Lost status | Source of classification or shelving scheme | Damaged status | Not for loan | Collection code | Permanent Location | Current Location | Shelving location | Date acquired | Source of acquisition | Cost, normal purchase price | Total Checkouts | Full call number | Date last seen | Copy number | Koha item type |
|---|---|---|---|---|---|---|---|---|---|---|---|---|---|---|---|
| Dewey Decimal Classification | Non-fiction | Central Library, University of Rajshahi | Central Library, University of Rajshahi | 16/01/1956 | A. B. C. | 5.00 | 951 CAC 1949 | 20/03/2014 | C-2 | Books |